Pokemon Abilities: Signature Abilities - Statistics

General Stats
  • This quiz has been taken 44 times
  • The average score is 114 of 182
Answer Stats
Hint Answer % Correct
Surge Surfer Raichu(Alolan)
94%
Tangling Hair Diglett/Dugtrio(Alolan)
85%
No Guard Chopma balls lmao
82%
Neutralizing Gas Koffing/Weezing
82%
Download Porygon/Porygon2/Porygon-Z
79%
Cloud Nine Psyduck/Golduck
79%
Misty Surge Tapu Fini
79%
Emergency Exit Golisopod
76%
Parental Bond Kangaskhan(Mega)
76%
Stench Grimer/Muk
74%
Drought Groudon
74%
Drizzle Kyogre
74%
Minus Minun
74%
Plus Plusle
74%
Air Lock Rayquaza
74%
Wonder Guard Shedinja
74%
Grassy Surge Tapu Bulu
74%
Electric Surge Tapu Koko
74%
Psychic Surge Tapu Lele
74%
Mummy Yamask/Cofagrigus
74%
Huge Power (sometimes) Azurill/Marill/Azumarill
71%
Bad Dreams Darkrai
71%
Zen Mode Darmanitan
71%
Water Bubble Dewpider/Araquanid
71%
Imposter Ditto
71%
Flower Veil Flabebe/Floette/Florges
71%
Gooey Goomy/Sliggoo/Goodra
71%
Color Change Kecleon
71%
Disguise Mimikyu
71%
Innards Out Pyukumuku
71%
Turboblaze Reshiram/Kyurem White
71%
Victory Star Victini
71%
Wimp Out Wimpod
71%
Intrepid Sword Zacian
71%
Dauntless Shield Zamazenta
71%
Multitype Arceus
68%
Defeatist Archen/Archeops
68%
Forecast Castform
68%
Ice Face Eiscue
68%
Iron Barbs Ferroseed/Ferrothorn
68%
Gale Wings Fletchling/Fletchinder/Talonflame
68%
Galvanize Geodude/Graveler/Golem(Alolan)
68%
Power of Alchemy Grimer/Muk(Alolan)
68%
Desolate Land Groudon(Primal)
68%
Orichalcum Pulse Koraidon
68%
Primordial Sea Kyogre(Primal)
68%
Shadow Shield Lunala
68%
Hadron Engine Miraidon
68%
Stamina Mudbray/Mudsdale
68%
Prism Armor Necrozma
68%
Dancer Oricorio
68%
Zero to Hero Palafin
68%
Liquid Voice Popplio/Brionne/Primarina
68%
Slow Start lmao Regigigas
68%
Truant Slakoth/Slaking
68%
Quick Draw Slowbro(Galarian)
68%
Snow Warning Snover/Abomasnow
68%
Full Metal Body Solgaleo
68%
Aroma Veil Spritzee/Aromatisse
68%
Tera Shift Terapagos
68%
Teraform Zero Terapagos(Stellar)
68%
Unseen Fist Urshifu
68%
Ball Fetch Yamper
68%
Dark Aura Yveltal
68%
Teravolt Zekrom/Kyurem Black
68%
Aura Break | Power Construct Zygarde
68%
Stance Change Aegislash
65%
Ripen Applin/Flapple/Appletun
65%
Electromorphosis Bellibolt
65%
Unaware Bidoof/Bibarel
65%
As One Calyrex with horsey
65%
Battery Charjabug
65%
Sword of Ruin Chien-Pao
65%
Beads of Ruin Chi-Yu
65%
Mega Launcher Clauncher/Clawitzer
65%
Magic Guard Clefairy/Clefable
65%
Triage Comfey
65%
Gulp Missile Cramorant
65%
Dry Skin Croagunk/Toxicroak
65%
Symbiosis Flebebe/Floette/Florges
65%
Good as Gold Gholdengo
65%
Chilling Neigh Glastrier
65%
Toxic Debris Glimmet/Glimmora
65%
Supreme Overlord Kingambit
65%
Soul-Heart Magearna
65%
Hunger Switch Morpeko
65%
Purifying Salt Nacli/Naclstack/Garganacl
65%
Earth Eater Orthworm
65%
Poison Puppeteer Pecharunt
65%
Delta Stream Rayquaza(Mega)
65%
Steam Engine Rolycoly/Carkol/Coalossal
65%
Wandering Spirit Runerigus/Yamask(Galarian)
65%
Water Compaction Sandygast/Palossand
65%
Libero Scorbunny/Raboot/Cinderace
65%
Sand Spit Silicobra/Sandaconda
65%
RKS System Silvally
65%
Ice Scales Snom/Frosmoth
65%
Grim Neigh Spectrier
65%
Power Spot Stonjourner
65%
Sweet Veil Swirlix/Slurpuff
65%
Commander Tatsugiri
65%
Vessel of Ruin Ting-Lu
65%
Punk Rock Toxtricity
65%
Queen Majesty Tsareena
65%
Sand Stream Tyranitar
65%
Schooling Wishiwashi
65%
Tablets of Ruin Wo-Chien
65%
Shadow Tag Wynaut/Wobbuffet
65%
Fairy Aura Xerneas
65%
Illusion Zorua/Zoroark
65%
Honey Gather Combee
62%
Well-Baked Body Dachsbun
62%
Gorilla Tactics Darmanitan(Galarian)
62%
Supersweet Syrup Dipplin/Hydrapple
62%
Stalwart Duraludon/Archaludon
62%
Armor Tail Farigiraf
62%
Thermal Exchange Frigibax/Arctibax/Baxcalibur
62%
Fur Coat Furfrou
62%
Battle Bond Greninja
62%
Comatose Komala
62%
Marvel Scale Milotic
62%
Shields Down Minior
62%
Steely Spirit Perrserker
62%
Dragon's Maw Regidrago
62%
Transistor Regieleki
62%
Corrosion Salandit/Salazzle
62%
Mycelium Might Toedscool/Toedscruel
62%
White Smoke Torkoal
62%
Seed Sower Arboliva
59%
Dazzling Bruxish
59%
Mirror Armor Corviknight
59%
Perish Body Cursola
59%
Cotton Down Gossifleur/Eldegoss
59%
Screen Cleaner Mr. Rime/Mr. Mime(Galarian)
59%
Embody Aspect Ogerpon
59%
Pastel Veil Ponyta/Rapidash(Galarian)
59%
Long Reach Rowlet/Dartrix/Decidueye
59%
Stall Sableye
59%
Grass Pelt Skiddo/Gogoat
59%
Stakeout Yungoos/Gumshoos
59%
Toxic Boost Zangoose
59%
Propeller Tail Arrokuda/Barraskewda
56%
Rocky Payload Bombirdier
56%
Heatproof Bronzor/Bronzong
56%
Rough Skin Carvanha/Sharpedo
56%
Flower Gift Cherrim
56%
Berserk Drampa
56%
Unburden Drifloon/Drifblim
56%
Flare Boost Drifloon/Drifblim (yes they hadtwo signature abilities)
56%
Motor Drive Electivire
56%
Costar Flamigo
56%
Anger Shell Klawf
56%
Pure Power Meditite/Medicham
56%
Filter Mime Jr./Mr. Mime
56%
Skill Link Shellder/[REDACTED]
56%
Normalize Skitty/Delcatty
56%
Mind's Eye Ursaluna
56%
Klutz Buneary/Lopunny
53%
Iron Fist Hitmonchan
53%
Rain Dish Lotad/Lombre/Ludicolo
53%
Merciless Mareanie/Toxapex
53%
Receiver Passimian
53%
Hospitality Poltchageist/Sinistcha
53%
Neuroforce Ultra Necrozma
53%
Wind Power Wattrel/Kilowattrel
53%
Refrigerate Amaura/Aurorus
50%
Bulletproof Chespin/Quilladin/Chesnaught
50%
Lingering Aroma Oinkologne
50%
Poison Heal Shroomish/Breloom
50%
Fluffy Stufful/Bewear
47%
Opportunist Espathra
44%
Misty Surge Weezing(Galarian)
44%
Magician Klefki
41%
Berserk Moltres(Galarian)
38%
Super Luck Murkrow
38%
Simple Numel
38%
Reckless Hitmonlee
35%
Forewarn (in gen IX) Drowzee/Hypno
32%
Mimicry Stunfisk(Galarian)
32%
Curious Medicine Slowking(Galarian)
21%
Sylveon Pixelate
12%
No matching quizzes found
Score Distribution
Percent of People with Each Score
Percentile by Number Answered
Your Score History
You have not taken this quiz